000 00449nam a2200145 4500
999 _c509314
_d509314
008 190501b ||||| |||| 00| 0 eng d
100 _aHick, Rod
_95007
245 _aMoving in and out of in-work poverty in the UK: an analysis of transitions, trajectories and trigger events
260 _c2018
300 _ap.661-682.
700 _aLanau, Alba
_94954
773 _aJournal of Social Policy
906 _aPoverty - United Kingdom
942 _cAR